00538 2200193 4500001002100000005001500021035002000036245005200056100002300108250001100131300003000142260004700172082001400219084002000233020002200253008004100275650002000316990000800336INLIS00000000000029620250311083512 a0010-03190001131 aPutri malu-maluin Sejagat /cBeby Haryanti Dewi0 aBeby Haryanti Dewi acet. 1 a188 hlm :bilust ;c20 cm aJakarta :bPT. Lingkar Pena Kreatif,c2011 a899.221'3 a899.221'3 BEB p a978-602-8851-53-4250311 0  4aFiksi Indonesia a693